000 00808nam a2200289Ia 4500
001 dia_37
003 CHAP
005 20221202134410.0
008 220117s1999 xx 000 0 und d
010 _a170469
020 _a0-85199-271-4
040 _cCHAP
082 _a634.09931 J33 1999
100 _aJackson, D. I.
_960803
245 _aTemperate and subtropical fruit production /
_c D. I. Jackson y N.E. Looney
250 _a2a ed.
260 _aLondon :
_b Cabi Publishing,
_c1999
300 _a332 p.
500 _aMaterial fotocopiado
503 _aC/e
650 _a1.Fruticultura
_9147031
700 _aLooney, N. E., coaut.
_9147032
901 _a634.09931 J33 1999
902 _aM
905 _a0000001999 -ukA 0000000000eng00
942 _cLIBRO
_2ddc
999 _c170469
_d170469